Diferenciálny a integrálny počet ako nástroj ekonomickej analýzy bakalárska práca

Gespeichert in:
Bibliographische Detailangaben
1. Verfasser: Vagašová, Mária
Körperschaft: Fakulta hospodárskej informatiky EU. Katedra matematiky a aktuárstva
Weitere Verfasser: Kotlárová, Alena
Format: Buch
Sprache:Slowakisch
Veröffentlicht: Bratislava 2015
Tags: Tag hinzufügen
Keine Tags, Fügen Sie das erste Tag hinzu!

MARC

LEADER 00000nbm a2200000 4500
001 0204186
005 20161212115109.1
041 0 |a slo 
044 |a SK 
245 1 0 |a Diferenciálny a integrálny počet ako nástroj ekonomickej analýzy  |b bakalárska práca  |c Mária Vagašová ; školiteľ: Alena Kotlárová 
264 1 |a Bratislava  |c 2015 
300 |a 47 s. 
100 1 |a Vagašová, Mária 
700 1 |a Kotlárová, Alena 
710 2 |a Fakulta hospodárskej informatiky EU. Katedra matematiky a aktuárstva